000 00701nam a2200205Ii 4500
003 JO-AjNU
008 230605s9999||||xx |||||||||||||| ||und||
020 _a9957-11-091-8
040 _aJO-AjNU
_bara
_erda
_cJO-AjNU
041 _aara
050 1 4 _aTS155.A4464 2000
100 3 _aالعلي ، عبد الستار محمد,
_eauthor
_956637
245 0 0 _aادارة الانتاج والعمليات -مدخل كمي
264 3 1 _aعمان :دار وائل للنشر والتوزيع ، 2000
300 _a569ص
336 _atext
_btxt
_2rdacontent
337 _aunmediated
_bn
_2rdamedia
338 _avolume
_bnc
_2rdacarrier
650 4 _aادارة الانتاج والعمليات
_956638
999 _aA25333
_c28901
_d28901